00419 2200157 4500001002100000008004100021035002000062245005000082260003600132300002400168020002200192084001700214082001100231650000900242990001000251INLIS000000000000255 Ind  a0010-1123000255 aMia the Ghost HuntercEstu Sekar Pertiwi, dkk aBandungbPT Mizan Pustakac2015 a96 hlm; ilusc21 cm a978-602-1128-93-0 a741.5K SEK m a741.5K aSeni a1.775